[Event "4NCL"]
[Site "Barcelo Hotel, Hinkley Island,"]
[Date "2011.01.16"]
[Round "4.36"]
[White "Elwin, Adrian G"]
[Black "Webster, Paul"]
[Result "1/2-1/2"]
[WhiteElo "1990"]
[BlackElo "2034"]
[PlyCount "51"]
[EventDate "2011.??.??"]
[WhiteTeam "FCA Solutions 1"]
[BlackTeam "Warwickshire Select 2"]

1. d4 d5 2. c4 e5 3. dxe5 d4 4. a3 Nc6 5. e3 Nge7 6. Nf3 Bg4 7. Be2 dxe3 8.
Qxd8+ Rxd8 9. Bxe3 Ng6 10. Nbd2 Ngxe5 11. Nxe5 Nxe5 12. Bf4 Bxe2 13. Bxe5 Bd3
14. O-O-O f6 15. Bxc7 Rc8 16. Rhe1+ Kf7 17. Re3 Bxc4 18. Nxc4 Rxc7 19. Rc3 Kg8
20. Rd8 h6 21. Kc2 Kh7 22. Nd6 Bxd6 23. Rxd6 Rhc8 24. Rxc7 Rxc7+ 25. Kd2 Kg6
26. Rd5 1/2-1/2

[Event "4NCL"]
[Site "Barcelo Hotel, Hinkley Island,"]
[Date "2011.01.16"]
[Round "4.36"]
[White "Fallowfield, Nicholas K"]
[Black "Valentine, Brian J"]
[Result "1-0"]
[WhiteElo "2018"]
[BlackElo "1972"]
[PlyCount "71"]
[EventDate "2011.??.??"]
[WhiteTeam "Warwickshire Select 2"]
[BlackTeam "FCA Solutions 1"]

1. Nf3 Nf6 2. c4 d6 3. b4 g6 4. Bb2 Bg7 5. g3 O-O 6. Bg2 c6 7. O-O e5 8. d3 Na6
9. a3 Qe7 10. Nbd2 Nc7 11. Qc2 Nh5 12. c5 d5 13. e4 Bg4 14. exd5 cxd5 15. Rae1
f6 16. Nb3 Qd7 17. Na5 Rab8 18. Nxb7 Bh3 19. c6 Qg4 20. Nh4 Bxg2 21. Nxg2 Rfc8
22. Qe2 Qxe2 23. Rxe2 Bf8 24. f4 Ne8 25. b5 Nd6 26. Nxd6 Bxd6 27. fxe5 fxe5 28.
a4 a6 29. bxa6 Rxc6 30. Bxe5 Bxe5 31. Rxe5 Rxa6 32. Nf4 Nf6 33. Re6 Rxe6 34.
Nxe6 Kf7 35. Nc5 Ke7 36. Rxf6 1-0

[Event "4NCL"]
[Site "Barcelo Hotel, Hinkley Island,"]
[Date "2011.01.16"]
[Round "4.37"]
[White "Malhotra, Tarun"]
[Black "Tunks, Dominic"]
[Result "1/2-1/2"]
[WhiteElo "1926"]
[BlackElo "2076"]
[PlyCount "57"]
[EventDate "2011.??.??"]
[WhiteTeam "AMCA Hippos"]
[BlackTeam "Wessex 2"]

1. c4 e5 2. g3 Nc6 3. Nc3 g6 4. Bg2 Bg7 5. e4 d6 6. d3 Nd4 7. Be3 c6 8. h3 Be6
9. Nge2 Qd7 10. b4 Ne7 11. a4 O-O 12. h4 f5 13. exf5 Nexf5 14. Bxd4 Nxd4 15.
Nxd4 exd4 16. Ne4 d5 17. cxd5 Bxd5 18. O-O b6 19. Qd2 h6 20. f4 a5 21. Kh2 Ra7
22. Rfb1 Qd8 23. bxa5 Rxa5 24. Qb4 Ra6 25. Re1 Qc7 26. Nd2 Bxg2 27. Qc4+ Bd5
28. Qxa6 Rxf4 29. gxf4 1/2-1/2

[Event "4NCL"]
[Site "Barcelo Hotel, Hinkley Island,"]
[Date "2011.01.16"]
[Round "4.37"]
[White "Furjel, Andrej"]
[Black "Kane, Robert"]
[Result "1/2-1/2"]
[WhiteElo "2031"]
[BlackElo "1892"]
[PlyCount "44"]
[EventDate "2011.??.??"]
[WhiteTeam "Wessex 2"]
[BlackTeam "AMCA Hippos"]

1. Nf3 Nf6 2. c4 c6 3. b3 d5 4. Bb2 Bf5 5. g3 e6 6. Bg2 Be7 7. O-O h6 8. d3 O-O
9. Nbd2 Nbd7 10. h3 Bh7 11. Rc1 a5 12. a3 Qb6 13. Qc2 e5 14. Nxe5 Nxe5 15. Bxe5
Bxa3 16. Rb1 Nd7 17. Bb2 Bxb2 18. Qxb2 Nf6 19. b4 axb4 20. Qxb4 Qxb4 21. Rxb4
Rfe8 22. Bf3 Ra2 1/2-1/2

[Event "4NCL"]
[Site "Barcelo Hotel, Hinkley Island,"]
[Date "2011.01.16"]
[Round "4.37"]
[White "Cresswell, Mike J"]
[Black "Gregory, Keith DF"]
[Result "1/2-1/2"]
[WhiteElo "1876"]
[BlackElo "2062"]
[PlyCount "61"]
[EventDate "2011.??.??"]
[WhiteTeam "AMCA Hippos"]
[BlackTeam "Wessex 2"]

1. e4 d6 2. d4 Nf6 3. Nc3 Nbd7 4. f4 e5 5. d5 exf4 6. Bxf4 Be7 7. Nf3 O-O 8.
Bd3 Ng4 9. Qd2 Nge5 10. O-O-O Ng6 11. Be3 Nde5 12. Rdf1 Bf6 13. h3 Re8 14. g4
Nxf3 15. Rxf3 Ne5 16. Rff1 c5 17. dxc6 bxc6 18. g5 Be7 19. h4 Be6 20. h5 Qa5
21. g6 Rf8 22. gxh7+ Kh8 23. Qg2 f6 24. Rhg1 Rf7 25. Bd4 Rb8 26. Bxe5 Qxe5 27.
Qg6 Bf8 28. h6 Rfb7 29. Rf3 Re7 30. Rfg3 Rbb7 31. R3g2 1/2-1/2

[Event "4NCL"]
[Site "Barcelo Hotel, Hinkley Island,"]
[Date "2011.01.16"]
[Round "4.37"]
[White "Marsh, Roger DW"]
[Black "Lawson, Maurice E"]
[Result "1-0"]
[WhiteElo "2017"]
[BlackElo "1832"]
[PlyCount "67"]
[EventDate "2011.??.??"]
[WhiteTeam "Wessex 2"]
[BlackTeam "AMCA Hippos"]

1. d4 f5 2. g3 Nf6 3. Bg2 e6 4. c4 d5 5. Nh3 c6 6. b3 Bb4+ 7. Bd2 Bd6 8. O-O
O-O 9. cxd5 exd5 10. Bf4 Ne4 11. f3 Bxf4 12. Nxf4 Nd6 13. Nc3 Qe7 14. Qd3 g5
15. Nh3 f4 16. g4 b6 17. Rfe1 Ba6 18. Qd2 Re8 19. Nd1 h6 20. e3 Nd7 21. Kf2
fxe3+ 22. Nxe3 Qf6 23. Kg1 Rac8 24. Nc2 Rxe1+ 25. Rxe1 Re8 26. Rxe8+ Nxe8 27.
f4 gxf4 28. Nxf4 Ng7 29. Qe3 Nf8 30. Nb4 Bc8 31. h3 a5 32. Nxc6 Kh8 33. Ne7
Nge6 34. Nfxd5 1-0

[Event "4NCL"]
[Site "Barcelo Hotel, Hinkley Island,"]
[Date "2011.01.16"]
[Round "4.37"]
[White "Jerzynek, Neil"]
[Black "Clark, Ian C"]
[Result "0-1"]
[WhiteElo "1610"]
[BlackElo "2067"]
[PlyCount "60"]
[EventDate "2011.??.??"]
[WhiteTeam "AMCA Hippos"]
[BlackTeam "Wessex 2"]

1. e4 c5 2. Nf3 d6 3. d4 cxd4 4. Nxd4 Nf6 5. Nc3 a6 6. Be3 e5 7. Nb3 Be6 8. Nd5
Nbd7 9. f3 Bxd5 10. exd5 Nb6 11. c4 Nfd7 12. Rc1 Be7 13. Bd3 Rc8 14. O-O Bg5
15. f4 exf4 16. Bxf4 Bxf4 17. Rxf4 Ne5 18. Qe2 Qe7 19. Nd2 Nxd5 20. Rff1 Nf6
21. b3 O-O 22. Rce1 Rc7 23. Nf3 Re8 24. Nd4 Nxd3 25. Qxd3 Qxe1 26. Rxe1 Rxe1+
27. Kf2 Rce7 28. Nf5 Ng4+ 29. Kg3 R7e3+ 30. Qxe3 Nxe3 0-1

[Event "4NCL"]
[Site "Barcelo Hotel, Hinkley Island,"]
[Date "2011.01.16"]
[Round "4.37"]
[White "Krawczuk, Michael J"]
[Black "Dixit, Kumar"]
[Result "1-0"]
[WhiteElo "2058"]
[BlackElo "1650"]
[PlyCount "35"]
[EventDate "2011.??.??"]
[WhiteTeam "Wessex 2"]
[BlackTeam "AMCA Hippos"]

1. e4 c6 2. d4 d5 3. f3 dxe4 4. fxe4 Nf6 5. Nc3 Qc7 6. Nf3 Bg4 7. Be3 Nbd7 8.
Qd2 e6 9. Bd3 Bb4 10. O-O Rd8 11. a3 Be7 12. Bf4 Qc8 13. e5 Nd5 14. Bg5 f6 15.
Nxd5 exd5 16. exf6 Nxf6 17. Rae1 Be6 18. Qe2 1-0

[Event "4NCL"]
[Site "Barcelo Hotel, Hinkley Island,"]
[Date "2011.01.16"]
[Round "4.38"]
[White "Cook, Michael P"]
[Black "Burke, Steven J"]
[Result "1/2-1/2"]
[WhiteElo "2065"]
[BlackElo "2040"]
[PlyCount "44"]
[EventDate "2011.??.??"]
[WhiteTeam "Anglian Avengers 2"]
[BlackTeam "e2e4.org.uk 3"]

1. d4 f5 2. Nc3 d5 3. Bf4 a6 4. g4 fxg4 5. h3 Nf6 6. hxg4 Bxg4 7. Bh3 Qd7 8.
Qd3 Nc6 9. O-O-O Nb4 10. Qd2 Bxh3 11. Nxh3 O-O-O 12. Kb1 e6 13. a3 Nc6 14. Ng5
h6 15. Nf3 Rg8 16. Ne5 Nxe5 17. Bxe5 Be7 18. Rdg1 Rdf8 19. Qe3 Ne8 20. f4 Bf6
21. Qd3 Nd6 22. Bxd6 cxd6 1/2-1/2

[Event "4NCL"]
[Site "Barcelo Hotel, Hinkley Island,"]
[Date "2011.01.16"]
[Round "4.38"]
[White "Norinkeviciute, Rasa"]
[Black "Wallis, Ian J"]
[Result "0-1"]
[WhiteElo "2022"]
[BlackElo "1977"]
[PlyCount "66"]
[EventDate "2011.??.??"]
[WhiteTeam "e2e4.org.uk 3"]
[BlackTeam "Anglian Avengers 2"]

1. c4 Nf6 2. g3 g6 3. Bg2 Bg7 4. Nc3 O-O 5. d3 d6 6. Bg5 c5 7. Qd2 Nc6 8. Rb1
Bd7 9. a3 a5 10. Nf3 Rb8 11. O-O Qc8 12. Nd5 Bh3 13. Bxf6 exf6 14. Qf4 Bxg2 15.
Kxg2 Qd8 16. a4 f5 17. h4 h5 18. Ng5 Nb4 19. Qf3 Nc6 20. e3 Qe8 21. Nf4 Be5 22.
Ngh3 Bxf4 23. Nxf4 Ne7 24. b3 Qc6 25. d4 Qe4 26. Rfd1 Rfd8 27. Rb2 d5 28. dxc5
dxc4 29. Rxd8+ Rxd8 30. Qxe4 fxe4 31. bxc4 Rd7 32. Rb5 Nc6 33. Nd5 Kg7 {White
lost on time} 0-1

[Event "4NCL"]
[Site "Barcelo Hotel, Hinkley Island,"]
[Date "2011.01.16"]
[Round "4.38"]
[White "Hopkins, Phil"]
[Black "Ireland, David J"]
[Result "1-0"]
[WhiteElo "1914"]
[BlackElo "2019"]
[PlyCount "135"]
[EventDate "2011.??.??"]
[WhiteTeam "Anglian Avengers 2"]
[BlackTeam "e2e4.org.uk 3"]

1. Nf3 c5 2. c4 Nc6 3. d4 cxd4 4. Nxd4 Nf6 5. Nc3 e6 6. Ndb5 d6 7. Bf4 e5 8.
Bg5 a6 9. Na3 Be7 10. g3 Be6 11. Bg2 O-O 12. O-O Qd7 13. Qd2 Rad8 14. Rfd1 Ng4
15. h3 Bxg5 16. Qxg5 Nh6 17. Ne4 Qc7 18. Nf6+ Kh8 19. Be4 Bxh3 20. Nxh7 f5 21.
Nxf8 Rxf8 22. Bxc6 Qxc6 23. Rd5 f4 24. Rad1 Rf6 25. b3 Bf5 26. c5 fxg3 27. f3
e4 28. Nc4 exf3 29. exf3 dxc5 30. Ne5 Qb6 31. Qxg3 c4+ 32. Qf2 cxb3 33. Qxb6
Rxb6 34. axb3 Rxb3 35. Nf7+ Nxf7 36. Rxf5 Nh6 37. Rf8+ Kh7 38. Ra1 Kg6 39. Ra5
Nf7 40. Kg2 Rb6 41. Kg3 Kf6 42. Kg4 Ke7 43. Rc8 Kd7 44. Rc1 Rg6+ 45. Kh5 Rh6+
46. Kg4 Rc6 47. Rxc6 Kxc6 48. f4 Kb6 49. Ra1 a5 50. Kh5 Ka6 51. Kg6 Nd6 52.
Kxg7 b5 53. Rd1 Ne4 54. f5 a4 55. Re1 Ng3 56. Kg6 Nxf5 57. Kxf5 Ka5 58. Ke4 Kb4
59. Kd3 Ka3 60. Kc2 Kb4 61. Rb1+ Kc4 62. Ra1 Kb4 63. Kb1 Kc4 64. Ra3 Kb4 65.
Rh3 Ka5 66. Rh5 Kb4 67. Ka2 Kc4 68. Ka3 1-0

[Event "4NCL"]
[Site "Barcelo Hotel, Hinkley Island,"]
[Date "2011.01.16"]
[Round "4.38"]
[White "Clapham, Michael JW"]
[Black "Salisbury, Michael W"]
[Result "1/2-1/2"]
[WhiteElo "1916"]
[BlackElo "2087"]
[PlyCount "36"]
[EventDate "2011.??.??"]
[WhiteTeam "Anglian Avengers 2"]
[BlackTeam "e2e4.org.uk 3"]

1. e4 e6 2. d4 d5 3. Nd2 dxe4 4. Nxe4 Nd7 5. Nf3 Ngf6 6. Ng3 c5 7. c3 cxd4 8.
cxd4 Bb4+ 9. Bd2 Qa5 10. Bd3 Nb6 11. Bxb4 Qxb4+ 12. Qd2 Nbd5 13. Rc1 Qxd2+ 14.
Kxd2 Bd7 15. Ne4 Nxe4+ 16. Bxe4 Bc6 17. Ne5 Rc8 18. Rc5 f6 1/2-1/2

[Event "4NCL"]
[Site "Barcelo Hotel, Hinkley Island,"]
[Date "2011.01.16"]
[Round "4.38"]
[White "Flynn, David"]
[Black "Woodcock, Keith D"]
[Result "1/2-1/2"]
[WhiteElo "2061"]
[BlackElo "1656"]
[PlyCount "34"]
[EventDate "2011.??.??"]
[WhiteTeam "e2e4.org.uk 3"]
[BlackTeam "Anglian Avengers 2"]

1. e4 c5 2. Nf3 g6 3. d4 Bg7 4. c3 cxd4 5. cxd4 d6 6. h3 a6 7. Qa4+ Nd7 8. Be2
Ngf6 9. Nc3 O-O 10. O-O b6 11. Re1 Bb7 12. Bd3 b5 13. Qd1 Rc8 14. Bg5 h6 15.
Bh4 e5 16. dxe5 dxe5 17. Qe2 Qb6 1/2-1/2

[Event "4NCL"]
[Site "Barcelo Hotel, Hinkley Island,"]
[Date "2011.01.16"]
[Round "4.39"]
[White "Compton, Alistair"]
[Black "Adams, Mark A"]
[Result "1-0"]
[WhiteElo "2046"]
[BlackElo "2040"]
[PlyCount "71"]
[EventDate "2011.??.??"]
[WhiteTeam "The Rookies"]
[BlackTeam "The Full Ponty"]

1. e4 c5 2. Nf3 a6 3. c3 e6 4. d4 d5 5. e5 Bd7 6. dxc5 Bxc5 7. Bd3 Nc6 8. O-O
Nge7 9. Bf4 Ng6 10. Bg3 Nce7 11. Re1 Bc6 12. Nbd2 b5 13. Nb3 Bb6 14. Nbd4 Bd7
15. h4 Nc6 16. Nxc6 Bxc6 17. Ng5 Qd7 18. Qf3 Bd8 19. Qe3 Bxg5 20. Qxg5 Qe7 21.
Qg4 h5 22. Qd4 Nf8 23. b3 Nd7 24. Rac1 Nc5 25. Bb1 O-O 26. Qd1 g6 27. f3 Rfc8
28. Qd2 Nd7 29. Bf4 Qxh4 30. g3 Qh3 31. Re2 g5 32. Rh2 Qxh2+ 33. Kxh2 gxf4 34.
Qxf4 Kf8 35. Bg6 Nxe5 36. Bxh5 1-0

[Event "4NCL"]
[Site "Barcelo Hotel, Hinkley Island,"]
[Date "2011.01.16"]
[Round "4.39"]
[White "Jones, Christopher M"]
[Black "Davies, Peter L"]
[Result "1/2-1/2"]
[WhiteElo "2024"]
[BlackElo "1995"]
[PlyCount "68"]
[EventDate "2011.??.??"]
[WhiteTeam "The Rookies"]
[BlackTeam "The Full Ponty"]

1. e4 e5 2. Nf3 Nc6 3. Nc3 Nf6 4. d4 exd4 5. Nxd4 Bb4 6. Nxc6 bxc6 7. Bd3 d5 8.
exd5 cxd5 9. O-O O-O 10. Bg5 c6 11. Qf3 h6 12. Bh4 Be6 13. Ne2 Bg4 14. Qf4 Bxe2
15. Bxe2 Be7 16. Qf5 Ne4 17. Bxe7 Qxe7 18. Bd3 Rae8 19. c3 g6 20. Qf4 Nc5 21.
Bc2 Qe2 22. Rac1 Nd3 23. Bxd3 Qxd3 24. Qxh6 Re2 25. Rcd1 Qf5 26. Rd2 Rfe8 27.
Rxe2 Rxe2 28. Qc1 Qd3 29. g3 Rc2 30. Qe1 Rxb2 31. Qe8+ Kg7 32. Qe5+ Kg8 33.
Qe8+ Kg7 34. Qe5+ Kg8 1/2-1/2

[Event "4NCL"]
[Site "Barcelo Hotel, Hinkley Island,"]
[Date "2011.01.16"]
[Round "4.39"]
[White "Roberts, Lynda"]
[Black "Gibson, Christopher A"]
[Result "1/2-1/2"]
[WhiteElo "1976"]
[BlackElo "1984"]
[PlyCount "34"]
[EventDate "2011.??.??"]
[WhiteTeam "The Full Ponty"]
[BlackTeam "The Rookies"]

1. e4 c5 2. Nc3 a6 3. g3 b5 4. Bg2 Bb7 5. d3 Nf6 6. f4 e6 7. Nh3 d5 8. e5 Nfd7
9. O-O Be7 10. Qg4 g6 11. Nf2 Nc6 12. Ne2 Qb6 13. c3 O-O-O 14. Bd2 Rde8 15. a4
b4 16. c4 d4 17. Ne4 Qc7 1/2-1/2

[Event "4NCL"]
[Site "Barcelo Hotel, Hinkley Island,"]
[Date "2011.01.16"]
[Round "4.39"]
[White "Jaszkiwskyj, Peter"]
[Black "Davis, Lee"]
[Result "0-1"]
[WhiteElo "2002"]
[BlackElo "1974"]
[PlyCount "60"]
[EventDate "2011.??.??"]
[WhiteTeam "The Rookies"]
[BlackTeam "The Full Ponty"]

1. d4 Nf6 2. Nf3 g6 3. c4 Bg7 4. Nc3 O-O 5. Bf4 d6 6. e3 c6 7. Be2 Bg4 8. h3
Bxf3 9. Bxf3 Nbd7 10. O-O Re8 11. Qb3 Qb6 12. Qc2 e5 13. dxe5 dxe5 14. Bg3 e4
15. Be2 Nc5 16. Rad1 Rad8 17. b3 a5 18. Bd6 Nfd7 19. Rd2 f5 20. Rfd1 Bf6 21. g4
Ne5 22. gxf5 gxf5 23. Bh5 Ng6 24. Bxc5 Qxc5 25. Rd7 Qb4 26. Ne2 Rxd7 27. Rxd7
Qe1+ 28. Kg2 Nh4+ 29. Kg3 Qh1 30. Kf4 Qxh3 0-1

[Event "4NCL"]
[Site "Barcelo Hotel, Hinkley Island,"]
[Date "2011.01.16"]
[Round "4.40"]
[White "Vikanis, Georgs"]
[Black "Duvall, Ian"]
[Result "0-1"]
[WhiteElo "2042"]
[BlackElo "2053"]
[PlyCount "76"]
[EventDate "2011.??.??"]
[WhiteTeam "Banbury Bulldogs"]
[BlackTeam "AMCA Rhinos"]

1. Nf3 c5 2. d4 cxd4 3. e3 dxe3 4. Bxe3 Nf6 5. Nc3 d5 6. h3 Nc6 7. Bb5 e6 8.
Qe2 Bd6 9. O-O-O Bd7 10. Bg5 O-O 11. g4 a6 12. Bd3 Nb4 13. Bxh7+ Kxh7 14. Bh4
Bb5 15. Qe3 Qc7 16. Kb1 Bf4 17. Qd4 Nc6 18. Qc5 Nd7 19. Qa3 Bc4 20. b3 Bb5 21.
Qb2 Nce5 22. Nd4 Ng6 23. Bg3 Bxg3 24. fxg3 Qxg3 25. Rhe1 Rac8 26. Nxd5 exd5 27.
c4 dxc4 28. Nf5 c3 29. Qc2 Qc7 30. h4 Kg8 31. h5 Nge5 32. h6 g6 33. Ne7+ Kh8
34. Re3 Qc5 35. Nd5 Bd3 36. Rdxd3 Nxd3 37. Rxd3 Qg1+ 38. Rd1 Qxd1+ 0-1

[Event "4NCL"]
[Site "Barcelo Hotel, Hinkley Island,"]
[Date "2011.01.16"]
[Round "4.40"]
[White "Vikanis, Egils"]
[Black "Jeffries, Majid"]
[Result "1/2-1/2"]
[WhiteElo "1882"]
[BlackElo "2009"]
[PlyCount "84"]
[EventDate "2011.??.??"]
[WhiteTeam "Banbury Bulldogs"]
[BlackTeam "AMCA Rhinos"]

1. e4 c5 2. f4 Nc6 3. Nf3 g6 4. Bc4 e6 5. c3 Bg7 6. d3 a6 7. Be3 d5 8. Bb3 d4
9. Bf2 Nh6 10. h3 Qa5 11. Qd2 dxc3 12. Nxc3 Nd4 13. Nxd4 cxd4 14. Ne2 Qb6 15.
Ba4+ Bd7 16. Bxd7+ Kxd7 17. Rc1 Rhc8 18. Rc4 Rxc4 19. dxc4 Ke8 20. Bxd4 Bxd4
21. Qxd4 Qxd4 22. Nxd4 Rc8 23. Kd2 Rxc4 24. Kd3 Rc8 25. Ne2 Kd7 26. Nc3 Ke7 27.
Rc1 Rc6 28. Rc2 f6 29. a3 Nf7 30. Na4 Rxc2 31. Kxc2 Kd6 32. Kd3 e5 33. g3 exf4
34. gxf4 g5 35. Ke3 h5 36. Nc3 b5 37. Nd5 f5 38. Nf6 gxf4+ 39. Kxf4 Ke6 40.
Nxh5 fxe4 41. h4 Nd6 42. b3 e3 1/2-1/2

[Event "4NCL"]
[Site "Barcelo Hotel, Hinkley Island,"]
[Date "2011.01.16"]
[Round "4.40"]
[White "Stayt, James N"]
[Black "Jackson, Gary C"]
[Result "1-0"]
[WhiteElo "1975"]
[BlackElo "1874"]
[PlyCount "104"]
[EventDate "2011.??.??"]
[WhiteTeam "AMCA Rhinos"]
[BlackTeam "Banbury Bulldogs"]

1. e4 c5 2. c3 g6 3. d4 cxd4 4. cxd4 d5 5. e5 f6 6. f4 Bg7 7. Nc3 Nh6 8. Qb3 e6
9. Nf3 O-O 10. Bd3 Nc6 11. Ne2 fxe5 12. fxe5 Nf5 13. Bg5 Qe8 14. O-O a6 15.
Rac1 b5 16. Bd2 Bd7 17. Rc5 Qd8 18. Rcc1 Na5 19. Qb4 Nc4 20. Bg5 Qb8 21. Bxf5
Rxf5 22. b3 Nb6 23. Qc5 Bf8 24. Qc7 Rf7 25. Qxb8 Rxb8 26. Rc7 a5 27. Rfc1 b4
28. Be3 h6 29. Nf4 Kg7 30. Nd3 Bc8 31. Bxh6+ Kg8 32. Bxf8 Kxf8 33. Rxf7+ Kxf7
34. Rc7+ Kf8 35. Nc5 a4 36. Ng5 axb3 37. axb3 Ra8 38. Ncxe6+ Bxe6 39. Nxe6+ Ke8
40. Rb7 Ra1+ 41. Kf2 Nd7 42. Rxb4 Rc1 43. Nf4 Rc2+ 44. Kg3 Rc3+ 45. Kh4 Rc2 46.
h3 Nf8 47. g3 Rd2 48. Nxd5 Ne6 49. Nf6+ Ke7 50. d5 Ng7 51. Rb7+ Kf8 52. g4 Rd3
1-0

[Event "4NCL"]
[Site "Barcelo Hotel, Hinkley Island,"]
[Date "2011.01.16"]
[Round "4.40"]
[White "Martin, Nick"]
[Black "Tart, Peter K"]
[Result "0-1"]
[WhiteElo "1802"]
[BlackElo "1940"]
[PlyCount "38"]
[EventDate "2011.??.??"]
[WhiteTeam "Banbury Bulldogs"]
[BlackTeam "AMCA Rhinos"]

1. e4 e5 2. Nf3 d5 3. Nxe5 dxe4 4. d4 Bd6 5. Qe2 Nf6 6. Nc3 O-O 7. Bg5 Bb4 8.
Rd1 c5 9. d5 Re8 10. Nc4 h6 11. Bxf6 Qxf6 12. Qe3 Bg4 13. f3 Bh5 14. Kf2 Bxc3
15. bxc3 Nd7 16. Re1 b5 17. Na5 Ne5 18. h3 exf3 19. Qxc5 fxg2+ 0-1

[Event "4NCL"]
[Site "Barcelo Hotel, Hinkley Island,"]
[Date "2011.01.16"]
[Round "4.41"]
[White "Bennett, Dominic"]
[Black "Tandy, Chris"]
[Result "1/2-1/2"]
[WhiteElo "2011"]
[BlackElo "2166"]
[PlyCount "33"]
[EventDate "2011.??.??"]
[WhiteTeam "Bristol 2"]
[BlackTeam "Channel Isolani"]

1. Nf3 f5 2. d3 Nf6 3. Nc3 e6 4. e4 d5 5. e5 Nfd7 6. Ne2 c5 7. Nf4 Nb6 8. a4 a5
9. d4 c4 10. h4 g6 11. Ng5 Qe7 12. Rh3 Nc6 13. Rg3 Bh6 14. c3 Bd7 15. Nf3 Bxf4
16. Bxf4 Qf8 17. h5 1/2-1/2

[Event "4NCL"]
[Site "Barcelo Hotel, Hinkley Island,"]
[Date "2011.01.16"]
[Round "4.41"]
[White "Minnican, Alan"]
[Black "Humphreys, Jerry G"]
[Result "0-1"]
[WhiteElo "2108"]
[BlackElo "2066"]
[PlyCount "100"]
[EventDate "2011.??.??"]
[WhiteTeam "Channel Isolani"]
[BlackTeam "Bristol 2"]

1. Nf3 c5 2. c4 Nc6 3. g3 b6 4. Bg2 Bb7 5. O-O Nf6 6. Nc3 e6 7. e4 d6 8. d4
cxd4 9. Nxd4 Rc8 10. f4 Nxd4 11. Qxd4 d5 12. Qd1 dxc4 13. Qe2 Bc5+ 14. Be3 Qe7
15. e5 Bxe3+ 16. Qxe3 Ng4 17. Qe2 Qc5+ 18. Kh1 Bxg2+ 19. Kxg2 Ne3+ 20. Kh3 Nxf1
21. Ne4 Nxg3 22. hxg3 Qc6 23. Nd6+ Kf8 24. Nxc8 Qxc8 25. Rc1 g6 26. Rxc4 Qb7
27. Qd1 Kg7 28. Rd4 Rc8 29. Rd7 Rc7 30. Rd8 Qe4 31. Rd4 Qc6 32. b3 h5 33. Rc4
Qb7 34. Rxc7 Qxc7 35. Kh2 Kf8 36. b4 b5 37. a4 a6 38. a5 Ke7 39. Kh3 Qd7 40.
Qc2 Kf8 41. Qc5+ Kg7 42. Kh2 Qd2+ 43. Kh3 Qd5 44. Qc1 Qe4 45. Qd1 Qxb4 46. Qd8
Qe4 47. Qf6+ Kg8 48. Qd8+ Kh7 49. Kh2 Qe2+ 50. Kg1 Qg4 0-1

[Event "4NCL"]
[Site "Barcelo Hotel, Hinkley Island,"]
[Date "2011.01.16"]
[Round "4.41"]
[White "Bromilow, Edward T"]
[Black "Simmons, Matthew"]
[Result "0-1"]
[WhiteElo "1930"]
[BlackElo "2071"]
[PlyCount "72"]
[EventDate "2011.??.??"]
[WhiteTeam "Bristol 2"]
[BlackTeam "Channel Isolani"]

1. d4 Nf6 2. Nf3 e6 3. e3 c5 4. Bd3 Be7 5. O-O Nc6 6. b3 cxd4 7. exd4 O-O 8. a3
b6 9. Nbd2 Bb7 10. Bb2 Nd5 11. Re1 Nf4 12. Bf1 d5 13. g3 Ng6 14. Bg2 Rc8 15.
Rc1 b5 16. Qe2 Qb6 17. c3 a5 18. Ne5 Ncxe5 19. dxe5 b4 20. axb4 axb4 21. c4 Ba6
22. Qg4 Bc5 23. Rf1 Qb8 24. Rfe1 Qa7 25. Qe2 Rfd8 26. Ra1 Qb6 27. Rec1 Ne7 28.
Kf1 Nf5 29. Nf3 dxc4 30. bxc4 Bb7 31. Rd1 Rxd1+ 32. Rxd1 Ba6 33. g4 Ne7 34. Nd2
Bd4 35. Bxd4 Qxd4 36. Rc1 Ng6 0-1

[Event "4NCL"]
[Site "Barcelo Hotel, Hinkley Island,"]
[Date "2011.01.16"]
[Round "4.41"]
[White "Wojciechawski, Paul"]
[Black "Thompson, Robert"]
[Result "0-1"]
[WhiteElo "2079"]
[BlackElo "1900"]
[PlyCount "126"]
[EventDate "2011.??.??"]
[WhiteTeam "Channel Isolani"]
[BlackTeam "Bristol 2"]

1. e4 c5 2. Nf3 g6 3. d4 cxd4 4. Nxd4 Nc6 5. Nc3 Bg7 6. Be3 Nf6 7. f3 O-O 8.
Bc4 Qb6 9. Bb3 Ng4 10. fxg4 Bxd4 11. Bxd4 Qxd4 12. Qxd4 Nxd4 13. O-O-O Nc6 14.
h3 d6 15. Rhf1 Be6 16. Bd5 Rab8 17. a3 Rfc8 18. Nb5 a6 19. Nd4 Nxd4 20. Rxd4 b5
21. Re1 Rc5 22. Re2 a5 23. b4 axb4 24. axb4 Rc3 25. Kb2 Rbc8 26. Bxe6 fxe6 27.
Rd3 R3c4 28. c3 Kg7 29. Rf3 e5 30. Ree3 e6 31. g5 Rf8 32. Rxf8 Kxf8 33. Kc2 Ke7
34. Kd3 Rc8 35. Re2 Ra8 36. h4 Ra1 37. Re3 Ra2 38. g3 Rb2 39. Re1 Ra2 40. Re3
Rg2 41. Rf3 d5 42. Re3 Kd6 43. Rf3 Rg1 44. exd5 Kxd5 45. Rf7 Rxg3+ 46. Kd2 e4
47. Rxh7 Rg2+ 48. Ke3 Rg3+ 49. Kd2 Rd3+ 50. Ke2 Rxc3 51. Rh6 Rh3 52. Rxg6 Rxh4
53. Rg8 Rg4 54. Rc8 e5 55. Rc5+ Kd4 56. Rxb5 Rg2+ 57. Kf1 Rxg5 58. Rb8 e3 59.
Rd8+ Ke4 60. b5 Rf5+ 61. Ke1 Rf6 62. Ra8 Rb6 63. Ra4+ Kf3 0-1

[Event "4NCL"]
[Site "Barcelo Hotel, Hinkley Island,"]
[Date "2011.01.16"]
[Round "4.41"]
[White "Dunlop, Neil J"]
[Black "Smith, David"]
[Result "1/2-1/2"]
[WhiteElo "1923"]
[BlackElo "1726"]
[PlyCount "73"]
[EventDate "2011.??.??"]
[WhiteTeam "Bristol 2"]
[BlackTeam "Channel Isolani"]

1. e4 c6 2. c4 d5 3. cxd5 cxd5 4. exd5 Qxd5 5. Nc3 Qa5 6. d4 e6 7. Nf3 Nf6 8.
Bb5+ Bd7 9. Bxd7+ Nbxd7 10. O-O Be7 11. a3 O-O 12. b4 Qb6 13. Ne5 Rac8 14. Na4
Qb5 15. Re1 Rfd8 16. Qb3 Nxe5 17. dxe5 Nd5 18. Bd2 Rc7 19. Rac1 Rdc8 20. Rxc7
Rxc7 21. g3 Qd7 22. Rc1 Qc8 23. Rxc7 Qxc7 24. f4 h6 25. Qd3 a6 26. Nc3 Nb6 27.
Ne4 Nc4 28. Be1 b5 29. Nd2 Nb6 30. Bf2 Nd5 31. Bd4 Qc1+ 32. Kg2 Qc6 33. Kh3 Qc7
34. Ne4 Qc6 35. Nc5 Qc8 36. Nb3 Qc6 37. Nc5 1/2-1/2

[Event "4NCL"]
[Site "Barcelo Hotel, Hinkley Island,"]
[Date "2011.01.16"]
[Round "4.42"]
[White "Taylor, Adam A"]
[Black "Ganger, Rajan"]
[Result "0-1"]
[WhiteElo "1828"]
[BlackElo "1919"]
[PlyCount "48"]
[EventDate "2011.??.??"]
[WhiteTeam "Guildford A&DC 4"]
[BlackTeam "e2e4.org.uk 4"]

1. Nf3 Nf6 2. c4 c5 3. g3 g6 4. Bg2 Bg7 5. Nc3 d5 6. cxd5 Nxd5 7. Qb3 Nb4 8. a3
N4c6 9. O-O O-O 10. d3 b6 11. Bf4 Bb7 12. Rfd1 Nd4 13. Nxd4 Bxg2 14. Kxg2 cxd4
15. Nd5 Nd7 16. Bc7 Qe8 17. Qa2 Nc5 18. b4 Na4 19. Rac1 e6 20. Nf4 Qd7 21. Qb3
Nc3 22. Re1 Qxc7 23. e3 e5 24. Nd5 Qb7 0-1

[Event "4NCL"]
[Site "Barcelo Hotel, Hinkley Island,"]
[Date "2011.01.16"]
[Round "4.42"]
[White "Webster, Richard J"]
[Black "Deswarte, Ian"]
[Result "1-0"]
[WhiteElo "1986"]
[BlackElo "1876"]
[PlyCount "57"]
[EventDate "2011.??.??"]
[WhiteTeam "e2e4.org.uk 4"]
[BlackTeam "Guildford A&DC 4"]

1. c4 Nf6 2. g3 g6 3. Bg2 Bg7 4. Nc3 c6 5. e4 d6 6. Nge2 O-O 7. O-O Na6 8. d3
Nc7 9. h3 a6 10. Kh2 Bd7 11. f4 e5 12. Be3 Qe7 13. Qd2 b5 14. Rae1 Rfd8 15. f5
h5 16. Bg5 Bc8 17. Rf2 Rf8 18. Ng1 Bb7 19. Nf3 Rad8 20. Qe3 Nce8 21. Ref1 Qc7
22. b3 Rd7 23. d4 exd4 24. Nxd4 Re7 25. Qd3 Rd7 26. fxg6 fxg6 27. Ne6 Qb6 28.
Nxf8 Bxf8 29. Bxf6 1-0